Welcome to the Holygrace Academy Library

Please use search bar below to get started

PYGMALION (Record no. 3537)

MARC details
000 -LEADER
fixed length control field 00307nam a22001337a 4500
082 ## - DEWEY DECIMAL CLASSIFICATION NUMBER
Classification number 823
Item number BHA/P
100 ## - MAIN ENTRY--AUTHOR NAME
Personal name SHAW BERNARD
245 ## - TITLE STATEMENT
Title PYGMALION
Remainder of title A ROMANCE IN FIVE ACTS
250 ## - EDITION STATEMENT
Edition statement FIRST
260 ## - PUBLICATION, DISTRIBUTION, ETC. (IMPRINT)
Place of publication HYDERABAD
Name of publisher ORIENT LONGMAN LIMITED
Year of publication 1954
300 ## - PHYSICAL DESCRIPTION
Number of Pages 148
650 ## - SUBJECT ADDED ENTRY--TOPICAL TERM
Topical Term ACT
Geographic subdivision HYDERABAD
942 ## - ADDED ENTRY ELEMENTS (KOHA)
Koha item type Books
Holdings
Withdrawn status Lost status Collection code Home library Current library Shelving location Date acquired Source of acquisition Full call number Accession Number Koha item type
    Non-fiction Main Library Main Library SHELF 16-A- ENGLISH LITERATURE COLLECTION OF WORKS 18/10/2022 PURCHASE 823 BHA/P 12722 Books